00257nam a2200097Ia 4500008004100000082001400041100004500055245001900100260000900119264003100128231129s1973||||xx |||||||||||||| ||spa|| aOEM- 1751 aDe Usandizaga y Mendoza Pedro Marí­a 0aEl chingolés c1973 aMéxico: Costa-Amic 1973